NCAA Every Final Four Team Quiz Stats

 Plays Quiz Updated Nov 8, 2018

Challenge
Share
Tweet
Embed
Score 0/93 Timer 11:00
16 Plays Today
# Team % Correct
16Duke
98.1%
20North Carolina
97.9%
18UCLA
97.1%
17Kentucky
96.6%
8Michigan
96.4%
9Michigan State
95.2%
15Kansas
95%
5Florida
94.4%
11Ohio State
93.9%
3Texas
92%
8Indiana
91.7%
6Syracuse
89.7%
5Oklahoma
89.7%
2Oregon
87.8%
4Arizona
87.3%
10Louisville
87.2%
5Connecticut
86.1%
4Wisconsin
85%
5Georgetown
84.8%
6Oklahoma State
84.1%
5Illinois
83.9%
1Georgia
83.4%
3North Carolina State
82.7%
4Louisiana State
82.5%
1Washington
81.9%
6Villanova
81.2%
2USC
81.2%
1Florida State
80.9%
3Iowa
80.8%
1South Carolina
80.5%
4Kansas State
80.3%
# Team % Correct
1Gonzaga
79.9%
6Arkansas
79.8%
2Virginia
79.3%
1Pennsylvania
79.2%
2Maryland
78.6%
3California
77.8%
2Butler
77.3%
2Oregon State
76.5%
2Georgia Tech
75.7%
1Minnesota
75.5%
3Memphis
75.2%
4Utah
75.1%
4UNLV
74.5%
2Stanford
74.3%
1Washington State
72.4%
2Purdue
72%
1Notre Dame
71.9%
2Colorado
70.3%
2West Virginia
69.9%
1Iowa State
69.3%
1Pittsburgh
68.9%
2St. John's (NY)
68.8%
6Cincinnati
68.3%
3Marquette
67.1%
1Princeton
67.1%
1Wake Forest
67%
1Penn State
65.4%
5Houston
64.7%
2Baylor
64%
1George Mason
63.2%
1Mississippi State
62.4%
# Team % Correct
1Virginia Commonwealth
61%
2Temple
58.6%
1Massachusetts
58%
1Indiana State
57.8%
2Providence
57.8%
3San Francisco
57.1%
1Seton Hall
55.7%
1Rutgers
55.6%
2Wichita State
52.9%
2DePaul
52.5%
1Texas-El Paso
49.4%
2Dartmouth
46.8%
1Saint Joseph's
46.1%
1New Mexico State
40.5%
1Dayton
38.1%
1Wyoming
37.1%
1Southern Methodist
36.5%
2La Salle
34.7%
2Loyola (IL)
33.8%
2New York University
32.6%
2City College of New York
32.1%
2Holy Cross
29.7%
1Western Kentucky
25.5%
2Bradley
24.4%
1Jacksonville
22.5%
1St. Bonaventure
22.1%
1Drake
20.7%
1Charlotte
18.5%
1Seattle
18.4%
1Duquesne
16.4%
1Santa Clara
15.8%

You're not logged in!

Compare scores with friends on all Sporcle quizzes.
OR
Log In

You Might Also Like...

Show Comments

Extras

Top Quizzes Today


Score Distribution

Your Account Isn't Verified!

In order to create a playlist on Sporcle, you need to verify the email address you used during registration. Go to your Sporcle Settings to finish the process.

Report this User

Report this user for behavior that violates our Community Guidelines.

Details: